LEADER 00941nam0-22003011i-450- 001 990001439850403321 005 20090716124936.0 010 $a0-387-98531-X 035 $a000143985 035 $aFED01000143985 035 $a(Aleph)000143985FED01 035 $a000143985 100 $a20001205d1998----km-y0itay50------ba 101 0 $aita 200 1 $aUnderstanding personal computer hardware$eeverything you need to know to be an informed PC User, PC Buyer, PC Upgrader$fSteven Roman 210 $aNew York$cSpringer$dc1998 215 $axxi, 440 p.$cill.$d24 cm 300 $acontiene 150 illustrazioni + 1 cd-rom 610 0 $aComputer science$aPc hardware 676 $a004.1 700 1$aRoman,$bSteven$057255 801 0$aIT$bUNINA$gRICA$2UNIMARC 901 $aBK 912 $a990001439850403321 952 $a004.1-ROM-1$b179$fSC1 959 $aSC1 996 $aUnderstanding personal computer hardware$933312 997 $aUNINA LEADER 01036nam0-22002771i-450- 001 990001672400403321 005 20050525144851.0 035 $a000167240 035 $aFED01000167240 035 $a(Aleph)000167240FED01 035 $a000167240 100 $a20030910d1904----km-y0itay50------ba 101 0 $aita 200 1 $aAllegato n. 1 alla Relazione della Sotto-Commissione incaricata dalla Commissione Censuaria Centrale di esaminare le tariffe d'estimo della provincia di Verona$fMinistero delle Finanze 210 $aRoma$cCalzone & Villa$d1904 215 $a285 p.$d30 cm 610 0 $aImposte fondiarie 676 $a336.22 710 02$aItalia.$bMinistero delle finanze$0356818 801 0$aIT$bUNINA$gRICA$2UNIMARC 901 $aBK 912 $a990001672400403321 952 $a60 336.22 A 8$b18261$fFAGBC 959 $aFAGBC 996 $aAllegato n. 1 alla Relazione della Sotto-Commissione incaricata dalla Commissione Censuaria Centrale di esaminare le tariffe d'estimo della provincia di Verona$9370869 997 $aUNINA